Statistics for Obce okresu Kroměříž

Click here to take the quiz!

General Stats

  • This quiz has been taken 9 times
  • The average score is 15 of 79

Answer Stats

Počet obyvatelObec% Correct
11 426Holešov
100%
8 180Bystřice pod Hostýnem
86%
6533Hulín
86%
27 838Kroměříž
86%
2 922Morkovice-Slížany
71%
4 749Chropyně
57%
599Rymice
57%
810Žeranovice
57%
1 593Chvalčov
43%
924Loukov
43%
404Jankovice
43%
2 661Koryčany
43%
2 180Kvasice
43%
540Rusava
43%
659Slavkov pod Hostýnem
43%
277Třebětice
43%
2 062Zdounky
43%
360Brusné
29%
268Horní Lapač
29%
818Martinice
29%
280Mrlínek
29%
451Osíčko
29%
866Pačlavice
29%
480Rajnochovice
29%
701Roštín
29%
438Bařice-Velké Těšany
14%
531Bezměrov
14%
189Cetechovice
14%
352Chomýž
14%
202Blazice
14%
155Hoštice
14%
635Kostelany
14%
1011Kostelec u Holešova
14%
264Kurovice
14%
435Lechotice
14%
478Litenčice
14%
456Lubná
14%
483Ludslavice
14%
227Pacetluky
14%
683Počenice-Tetětice
14%
462Podhradní Lhota
14%
719Pravčice
14%
993Přílepy
14%
1 189Prusinovice
14%
1 153Rataje
14%
414Věžky
14%
392Vítonice
14%
140Zástřizly
14%
199Bořenovice
0%
952Břest
0%
240Chvanov-Lísky
0%
432Dřínov
0%
248Karolín
0%
593Lutopecny
0%
669Míškovice
0%
80Honětice
0%
309Jorohněvice
0%
277Komárno
0%
86Kunkovice
0%
499Kyselovice
0%
366Němčice
0%
234Nítkovice
0%
431Nová Dědina
0%
246Prasklice
0%
666Roštění
0%
343Šelešovice
0%
378Skaštice
0%
380Soběsuky
0%
596Sřílky
0%
243Střížovice
0%
152Sulimov
0%
420Troubky-Zdislavice
0%
174Uhřice
0%
216Vrbka
0%
713Záříčí
0%
1 440Zborovice
0%
321Zhnašovice
0%
598Zlobice
0%
580Žalkovice
0%

Score Distribution

Percentile by Number Answered

Percent of People with Each Score

Your Score History

You have not taken this quiz